[Event "Asian Cities-chT"]
[Site "Khanty-Mansiysk"]
[Date "2024.04.26"]
[Round "6.3"]
[White "Ahmed, Ali Layth Ahmed"]
[Black "Liyanage, Ranindu Dilshan"]
[Result "0-1"]
[WhiteElo "2193"]
[BlackElo "2343"]
[PlyCount "96"]
[EventDate "2024.04.21"]
[EventType "team-swiss"]
[EventRounds "9"]
[EventCountry "RUS"]
[SourceTitle "CB18_2024"]
[SourceDate "2024.05.01"]
[SourceVersion "1"]
[SourceVersionDate "2024.05.01"]
[SourceQuality "2"]
[WhiteTeam "Baghdad"]
[BlackTeam "Colombo"]
[WhiteTeamCountry "IRQ"]
[BlackTeamCountry "SRI"]

1. Nf3 d5 2. c4 e6 3. g3 Nf6 4. Bg2 Be7 5. 0-0 0-0 6. b3 d4 7. e3 c5 8. exd4 cxd4 9. d3 Nc6 10. Re1 Re8 11. a3 a5 12. Bb2 Bc5 13. Nbd2 e5 14. Qc2 h6 15. Re2 Bf5 16. Nh4 Bg4 17. Bf3 Bd7 18. Ne4 Be7 19. Nxf6+ Bxf6 20. Ng2 Qc7 21. Rae1 g5 22. Bc1 Bg7 23. Bh5 Rf8 24. f4 f6 25. Rf2 Ne7 26. fxe5 fxe5 27. Ref1 Bf5 28. h4 g4 29. Qe2 Qd7 30. Kh2 Be6 31. Qe4 Rxf2 32. Rxf2 Rf8 33. Rxf8+ Kxf8 34. Bxh6 Bxh6 35. Qxe5 Kg8 36. Qxa5 Nc6 37. Qc5 Qe7 38. Qxe7 Nxe7 39. Nf4 Bf5 40. Kg2 Kg7 41. Kf2 Ng8 42. Be8 Bxf4 43. gxf4 Nf6 44. Bb5 Bxd3 45. a4 Ne4+ 46. Kg2 Be2 47. b4 d3 48. c5 Bf3+ 0-1

[Event "Kuwait Blitz op"]
[Site "Kuwait"]
[Date "2023.12.02"]
[Round "8"]
[White "Ahmed, Ali Layth Ahmed"]
[Black "Zaid, Alaa Chasib"]
[Result "1-0"]
[WhiteElo "2188"]
[BlackElo "1844"]
[PlyCount "79"]
[EventDate "2023.12.01"]
[EventType "swiss (blitz)"]
[EventRounds "9"]
[EventCountry "KUW"]
[SourceTitle "CB50_2023"]
[SourceDate "2023.12.13"]
[SourceVersion "1"]
[SourceVersionDate "2023.12.13"]
[SourceQuality "1"]

1. Nf3 Nf6 2. c4 e6 3. g3 b6 4. Bg2 Bb7 5. 0-0 c5 6. b3 Be7 7. Bb2 0-0 8. d3 d5 9. e3 dxc4 10. bxc4 Nbd7 11. Nc3 a6 12. a4 Qc7 13. Qe2 Rfd8 14. Rad1 Rac8 15. Ne1 Ne5 16. f4 Bxg2 17. Nxg2 Nc6 18. g4 e5 19. g5 Ne8 20. Nd5 Qb7 21. h4 Bd6 22. h5 b5 23. axb5 axb5 24. g6 f6 25. gxh7+ Kxh7 26. Ba1 Nb4 27. e4 Nc6 28. cxb5 Qxb5 29. Qg4 Qb7 30. Qg6+ Kh8 31. Rb1 Qa7 32. Nge3 exf4 33. Nc4 Ne5 34. Bxe5 Bxe5 35. Rf3 Nd6 36. Nxe5 fxe5 37. Kh1 Rd7 38. Rg1 Rg8 39. h6 gxh6 40. Qxg8# 1-0

[Event "Kuwait Blitz op"]
[Site "Kuwait"]
[Date "2023.12.02"]
[Round "9"]
[White "Alsaqer, Meshal"]
[Black "Ahmed, Ali Layth Ahmed"]
[Result "0-1"]
[WhiteElo "1765"]
[BlackElo "2188"]
[PlyCount "80"]
[EventDate "2023.12.01"]
[EventType "swiss (blitz)"]
[EventRounds "9"]
[EventCountry "KUW"]
[SourceTitle "CB50_2023"]
[SourceDate "2023.12.13"]
[SourceVersion "1"]
[SourceVersionDate "2023.12.13"]
[SourceQuality "1"]

1. d4 Nf6 2. Nf3 e6 3. c4 Bb4+ 4. Nbd2 b6 5. g3 Bb7 6. Bg2 0-0 7. 0-0 a5 8. Qc2 Bxd2 9. Nxd2 Bxg2 10. Kxg2 Nc6 11. Nf3 Re8 12. Bg5 h6 13. Bxf6 Qxf6 14. Rfd1 Ne7 15. Ne5 Red8 16. e4 d6 17. Nf3 e5 18. dxe5 dxe5 19. Rxd8+ Rxd8 20. Rd1 Nc6 21. a3 Nd4 22. Nxd4 exd4 23. c5 Qc6 24. b4 d3 25. Qc4 b5 26. Qc3 Qxe4+ 27. Kg1 axb4 28. Qxb4 Qc4 29. Qb1 d2 30. Qb2 Qe2 31. Qc2 c6 32. h4 h5 33. Qb3 Rd3 34. Qc2 g6 35. Kg2 Qe4+ 36. Kh2 Qd5 37. Kg1 Qd4 38. Kg2 Kf8 39. Kg1 Rxg3+ 40. Kh2 Qxh4# 0-1

[Event "Kuwait Blitz op"]
[Site "Kuwait"]
[Date "2023.12.01"]
[Round "2"]
[White "Ahmed, Ali Layth Ahmed"]
[Black "Al Balushi, Rashid Ali"]
[Result "1-0"]
[WhiteElo "2188"]
[BlackElo "1684"]
[PlyCount "53"]
[EventDate "2023.12.01"]
[EventType "swiss (blitz)"]
[EventRounds "9"]
[EventCountry "KUW"]
[SourceTitle "CB50_2023"]
[SourceDate "2023.12.13"]
[SourceVersion "1"]
[SourceVersionDate "2023.12.13"]
[SourceQuality "1"]

1. Nf3 c5 2. c4 Nf6 3. b3 g6 4. Bb2 Bg7 5. g3 d6 6. Bg2 Nc6 7. 0-0 0-0 8. d4 Bf5 9. d5 Nb8 10. Nh4 Bxb1 11. Rxb1 Nbd7 12. e4 Ne5 13. f4 Neg4 14. Qe2 Qd7 15. e5 dxe5 16. fxe5 Ne8 17. e6 fxe6 18. Rxf8+ Kxf8 19. Qxg4 Bxb2 20. Rxb2 Nf6 21. Qxe6 Qd8 22. Rf2 Kg7 23. Nf3 Qe8 24. Ne5 Rd8 25. Ng4 Nh5 26. Qe5+ Nf6 27. Rxf6 1-0

[Event "Kuwait Blitz op"]
[Site "Kuwait"]
[Date "2023.12.01"]
[Round "5"]
[White "Ayyad, Husain Abdulgalil"]
[Black "Ahmed, Ali Layth Ahmed"]
[Result "1-0"]
[WhiteElo "2182"]
[BlackElo "2188"]
[PlyCount "81"]
[EventDate "2023.12.01"]
[EventType "swiss (blitz)"]
[EventRounds "9"]
[EventCountry "KUW"]
[SourceTitle "CB50_2023"]
[SourceDate "2023.12.13"]
[SourceVersion "1"]
[SourceVersionDate "2023.12.13"]
[SourceQuality "1"]

1. e4 c6 2. d4 d5 3. exd5 cxd5 4. Bd3 Nc6 5. c3 Nf6 6. h3 g6 7. Nf3 Bg7 8. 0-0 0-0 9. Bf4 Nh5 10. Bh2 Bh6 11. Nbd2 Nf4 12. Bxf4 Bxf4 13. Re1 Qd6 14. Qe2 Bh6 15. Rad1 Be6 16. Ne5 Rad8 17. Ndf3 Rfe8 18. Nh2 Bg7 19. Qe3 Bc8 20. Nhg4 f6 21. Nxc6 bxc6 22. f4 Kh8 23. Nh2 Bh6 24. Rf1 e5 25. dxe5 fxe5 26. Qxa7 Bxf4 27. Qf2 Bxh2+ 28. Kxh2 e4+ 29. Kh1 exd3 30. Rxd3 Rf8 31. Qd4+ Kg8 32. Rdf3 Rxf3 33. Rxf3 Rf8 34. Rxf8+ Qxf8 35. a4 Bf5 36. Qe5 Be4 37. Kh2 h5 38. a5 Qf2 39. Qg5 Kg7 40. a6 Qa7 41. Qe5+ 1-0

[Event "Kuwait Blitz op"]
[Site "Kuwait"]
[Date "2023.12.01"]
[Round "3"]
[White "Hashem, Khaled"]
[Black "Ahmed, Ali Layth Ahmed"]
[Result "0-1"]
[WhiteElo "1883"]
[BlackElo "2188"]
[PlyCount "104"]
[EventDate "2023.12.01"]
[EventType "swiss (blitz)"]
[EventRounds "9"]
[EventCountry "KUW"]
[SourceTitle "CB50_2023"]
[SourceDate "2023.12.13"]
[SourceVersion "1"]
[SourceVersionDate "2023.12.13"]
[SourceQuality "1"]

1. d4 Nf6 2. Nf3 e6 3. g3 d5 4. Bg2 h6 5. 0-0 Bd6 6. c4 Nc6 7. Nc3 0-0 8. b3 dxc4 9. bxc4 e5 10. c5 exd4 11. cxd6 dxc3 12. Qb3 cxd6 13. Qxc3 Re8 14. e3 Ne4 15. Qc2 Bf5 16. Qa4 Nc5 17. Qf4 Bd3 18. Nd4 Nxd4 19. Qxd4 Bxf1 20. Bxf1 Re4 21. Qd2 Rc8 22. Bb2 Re7 23. Rd1 Ne4 24. Qd4 Nf6 25. Qh4 Rec7 26. Bh3 Rc4 27. Bxf6 Rxh4 28. Bxd8 Rxh3 29. Bh4 Rxh4 30. gxh4 Rc6 31. Rb1 b6 32. Kg2 h5 33. Kf3 Kf8 34. Rb5 g6 35. Rb4 Ke7 36. a4 Rc5 37. h3 Ke6 38. Ke4 d5+ 39. Kd4 Kd6 40. e4 dxe4 41. Kxe4 Rf5 42. f4 Rc5 43. Rd4+ Ke6 44. Kd3 Rd5 45. f5+ gxf5 46. Kc4 Rxd4+ 47. Kxd4 a6 48. Kd3 Kd5 49. Ke3 b5 50. axb5 axb5 51. Kf4 b4 52. Kg5 b3 0-1

[Event "IRQ-ch"]
[Site "Sulaymaniyah"]
[Date "2023.10.30"]
[Round "8"]
[White "Ahmed, Ali Layth Ahmed"]
[Black "Moazaz, Dhahir Habeeb"]
[Result "1-0"]
[WhiteElo "2198"]
[BlackElo "2089"]
[PlyCount "99"]
[EventDate "2023.10.25"]
[EventType "tourn"]
[EventRounds "11"]
[EventCountry "IRQ"]
[SourceTitle "Mega2024 Update 01"]
[Source "Chessbase"]
[SourceDate "2023.11.12"]
[SourceVersion "1"]
[SourceVersionDate "2023.11.12"]
[SourceQuality "1"]

1. Nf3 d5 2. d4 Nf6 3. e3 Bg4 4. c4 c6 5. Qb3 Qb6 6. Nc3 e6 7. Nh4 g5 8. Nf3 Bxf3 9. gxf3 Nbd7 10. Bd2 Be7 11. Qc2 h6 12. cxd5 exd5 13. 0-0-0 Nf8 14. Kb1 Ne6 15. Bd3 0-0-0 16. Rc1 Kb8 17. Na4 Qc7 18. Qb3 Ka8 19. Nc3 Qb6 20. Qa4 Qb4 21. Qd1 Qd6 22. Na4 Nd7 23. a3 Qb8 24. Ba5 Rc8 25. Bf5 b6 26. Bd2 b5 27. Nc5 Ndxc5 28. dxc5 Bf6 29. Qb3 Rhe8 30. Rc2 Rc7 31. Ba5 Rb7 32. h3 Bd8 33. Bd2 Qe5 34. Qd3 Qc7 35. e4 dxe4 36. Bxe4 Be7 37. Be3 Rd8 38. Qc3 Bf8 39. Rd2 Rbb8 40. Rhd1 Bg7 41. Qc2 Kb7 42. Rd6 Rxd6 43. Rxd6 Rd8 44. Rxc6 Qxc6 45. Bxc6+ Kxc6 46. Qe4+ Rd5 47. b4 a6 48. Kc1 Be5 49. Qh7 Bg7 50. Qg8 1-0

[Event "IRQ-ch"]
[Site "Sulaymaniyah"]
[Date "2023.10.28"]
[Round "6"]
[White "Ahmed, Ali Layth Ahmed"]
[Black "Al Ali, Hussein Ali Hussein"]
[Result "1/2-1/2"]
[WhiteElo "2198"]
[BlackElo "2192"]
[PlyCount "103"]
[EventDate "2023.10.25"]
[EventType "tourn"]
[EventRounds "11"]
[EventCountry "IRQ"]
[SourceTitle "Mega2024 Update 01"]
[Source "Chessbase"]
[SourceDate "2023.11.12"]
[SourceVersion "1"]
[SourceVersionDate "2023.11.12"]
[SourceQuality "1"]

1. Nf3 d6 2. c4 g6 3. g3 Bg7 4. Bg2 e5 5. Nc3 c5 6. 0-0 Ne7 7. d3 Nbc6 8. a3 0-0 9. Rb1 a5 10. Nd2 f5 11. Nd5 Be6 12. e3 Bf7 13. Qe2 Rb8 14. Nxe7+ Qxe7 15. b3 Qd7 16. Bb2 Rfe8 17. Rbc1 b6 18. Nb1 d5 19. cxd5 Bxd5 20. Bxd5+ Qxd5 21. Qc2 Red8 22. Rfd1 Qf7 23. Nd2 Bf6 24. Qc4 Qxc4 25. Nxc4 Kf7 26. f4 exf4 27. Bxf6 Kxf6 28. gxf4 h6 29. h4 Rd5 30. Kf2 b5 31. Nb2 Rb6 32. Rc2 Nd8 33. Kf3 Ne6 34. Rh2 a4 35. bxa4 bxa4 36. Nc4 Rb3 37. Rhd2 g5 38. hxg5+ hxg5 39. fxg5+ Nxg5+ 40. Ke2 Nf7 41. Rf1 Ke6 42. Rh1 Rd8 43. Rdd1 Rg8 44. Rc1 Rg2+ 45. Kf3 Ra2 46. Rhd1 Kf6 47. Rb1 Ne5+ 48. Nxe5 Kxe5 49. Rbc1 Kd5 50. Rc4 Rxd3 51. Rxc5+ Kxc5 52. Rxd3 1/2-1/2

[Event "IRQ-ch"]
[Site "Sulaymaniyah"]
[Date "2023.10.28"]
[Round "5"]
[White "Ahmed, Jaza Jamal"]
[Black "Ahmed, Ali Layth Ahmed"]
[Result "1/2-1/2"]
[WhiteElo "2015"]
[BlackElo "2198"]
[PlyCount "123"]
[EventDate "2023.10.25"]
[EventType "tourn"]
[EventRounds "11"]
[EventCountry "IRQ"]
[SourceTitle "Mega2024 Update 01"]
[Source "Chessbase"]
[SourceDate "2023.11.12"]
[SourceVersion "1"]
[SourceVersionDate "2023.11.12"]
[SourceQuality "1"]

1. e4 c6 2. c4 d5 3. cxd5 cxd5 4. exd5 Nf6 5. Nc3 Nxd5 6. Bc4 e6 7. d4 Nc6 8. Nf3 Bb4 9. Bxd5 exd5 10. 0-0 0-0 11. h3 Be6 12. Qd3 Be7 13. Bf4 Rc8 14. Rac1 Qd7 15. Ne5 Nxe5 16. Bxe5 Rc4 17. b3 Rc6 18. Na4 b6 19. Rc3 Rxc3 20. Qxc3 Rc8 21. Qe3 Qc6 22. Qg3 Bf8 23. Bf4 Qc2 24. Rc1 Qxa2 25. Rxc8 Bxc8 26. Bb8 Qa1+ 27. Kh2 Qxd4 28. Qc7 Be6 29. Bxa7 Qxf2 30. Bxb6 d4 31. Qd8 Qf4+ 32. Kg1 Qe3+ 33. Kh2 Qe5+ 34. Kg1 Bxb3 35. Bc5 h6 36. Bxf8 Bxa4 37. Bc5+ Kh7 38. Qxd4 Qe1+ 39. Kh2 Bc6 40. Bf8 f6 41. Qd3+ Kg8 42. Bd6 Qe6 43. Qg3 Qe4 44. h4 g5 45. Ba3 Kh7 46. hxg5 hxg5 47. Bc1 Kg6 48. Bd2 Qd5 49. Bc1 Qd1 50. Be3 Qc2 51. Bd4 Qd2 52. Be3 Qc2 53. Bd4 Qe4 54. Be3 Bd5 55. Bc1 Be6 56. Be3 Bg4 57. Bd2 Qe6 58. Qe3 Qd6+ 59. Kg1 Qd7 60. Kh2 Bf5 61. Bc3 Qd6+ 62. Qg3 1/2-1/2

[Event "IRQ-ch"]
[Site "Sulaymaniyah"]
[Date "2023.10.27"]
[Round "4"]
[White "Ahmed, Ali Layth Ahmed"]
[Black "Aryan, Ali Ehsan"]
[Result "0-1"]
[WhiteElo "2198"]
[BlackElo "2079"]
[PlyCount "82"]
[EventDate "2023.10.25"]
[EventType "tourn"]
[EventRounds "11"]
[EventCountry "IRQ"]
[SourceTitle "Mega2024 Update 01"]
[Source "Chessbase"]
[SourceDate "2023.11.12"]
[SourceVersion "1"]
[SourceVersionDate "2023.11.12"]
[SourceQuality "1"]

1. Nf3 f5 2. d3 Nc6 3. d4 e6 4. g3 Nf6 5. Bg2 Be7 6. 0-0 0-0 7. c4 d6 8. d5 Ne5 9. Nd4 Nxc4 10. dxe6 g6 11. Nc3 d5 12. Qb3 c5 13. Nf3 Na5 14. Qc2 Ne4 15. Bh6 Bxe6 16. Bxf8 Qxf8 17. Rad1 Rd8 18. e3 Bf6 19. Ne2 Nc4 20. b3 Na3 21. Qc1 Nb5 22. Rd3 g5 23. Rfd1 Qg7 24. a4 Nc7 25. Nd2 Rd7 26. Nb1 Bb2 27. Qc2 Na6 28. Nd4 Bxd4 29. exd4 Nb4 30. Qe2 Nxd3 31. Qxd3 Qxd4 32. Qxd4 cxd4 33. Rxd4 Rc7 34. Bf3 g4 35. Bxe4 Rc1+ 36. Kg2 fxe4 37. Na3 Kf7 38. Rb4 Kf6 39. a5 a6 40. Rxb7 d4 41. Rb6 Ke5 0-1

[Event "IRQ-ch"]
[Site "Sulaymaniyah"]
[Date "2023.10.25"]
[Round "1"]
[White "Ahmed, Ali Layth Ahmed"]
[Black "Ameen, Mohamed Edan"]
[Result "1-0"]
[WhiteElo "2198"]
[BlackElo "1998"]
[PlyCount "60"]
[EventDate "2023.10.25"]
[EventType "tourn"]
[EventRounds "11"]
[EventCountry "IRQ"]
[SourceTitle "Mega2024 Update 01"]
[Source "Chessbase"]
[SourceDate "2023.11.12"]
[SourceVersion "1"]
[SourceVersionDate "2023.11.12"]
[SourceQuality "1"]

1. Nf3 d5 2. c4 d4 3. g3 c5 4. Bg2 Nc6 5. d3 e5 6. e3 Nf6 7. exd4 cxd4 8. 0-0 Bd6 9. Re1 0-0 10. Bg5 h6 11. Bxf6 Qxf6 12. Nbd2 Bf5 13. Ne4 Bxe4 14. Rxe4 Qg6 15. Nh4 Qf6 16. Qh5 Qg5 17. Qd1 Qf6 18. Rc1 Bc5 19. a3 a5 20. Rc2 Rab8 21. f4 Bd6 22. fxe5 Nxe5 23. Rf2 Qd8 24. Nf5 Qb6 25. Qh5 Ng6 26. Rg4 Bc5 27. Bd5 Kh7 28. Be4 Rbe8 29. Nxh6 gxh6 30. Rh4 Qd8 1-0

[Event "Dubai op-A 23rd"]
[Site "Dubai"]
[Date "2023.06.03"]
[Round "8"]
[White "Ahmed, Ali Layth Ahmed"]
[Black "Al Hosani, Omran"]
[Result "0-1"]
[WhiteElo "2224"]
[BlackElo "2270"]
[PlyCount "80"]
[EventDate "2023.05.27"]
[EventType "swiss"]
[EventRounds "9"]
[EventCountry "UAE"]
[SourceTitle "CBM 214 Extra"]
[Source "ChessBase"]
[SourceDate "2023.07.31"]
[SourceVersion "1"]
[SourceVersionDate "2023.07.31"]
[SourceQuality "1"]

1. d4 Nf6 2. Nf3 g6 3. c4 Bg7 4. Nc3 d5 5. cxd5 Nxd5 6. e4 Nxc3 7. bxc3 c5 8. Be3 Nc6 9. Rc1 Qa5 10. Bd2 0-0 11. d5 Ne5 12. Nxe5 Bxe5 13. Qb3 Qc7 14. g3 Bd7 15. Bg2 c4 16. Qc2 e6 17. 0-0 exd5 18. exd5 Qd6 19. Rfe1 Rfe8 20. Be3 b5 21. f4 Bf6 22. Qf2 Bd8 23. Kh1 Bb6 24. Bd4 Bxd4 25. Qxd4 a5 26. h4 h5 27. Bf3 Rac8 28. Re5 f6 29. Ree1 Rxe1+ 30. Rxe1 b4 31. Re6 Bxe6 32. Qxf6 Kh7 33. f5 gxf5 34. Qg5 Bd7 35. Qxh5+ Qh6 36. Qf7+ Qg7 37. Qh5+ Kg8 38. d6 bxc3 39. Bd5+ Kf8 40. Qe2 Re8 0-1

[Event "Dubai op-A 23rd"]
[Site "Dubai"]
[Date "2023.06.02"]
[Round "7"]
[White "Mkrtchyan, Mariam"]
[Black "Ahmed, Ali Layth Ahmed"]
[Result "1-0"]
[WhiteElo "2360"]
[BlackElo "2224"]
[PlyCount "141"]
[EventDate "2023.05.27"]
[EventType "swiss"]
[EventRounds "9"]
[EventCountry "UAE"]
[SourceTitle "CBM 214 Extra"]
[Source "ChessBase"]
[SourceDate "2023.07.31"]
[SourceVersion "1"]
[SourceVersionDate "2023.07.31"]
[SourceQuality "1"]

1. d4 Nf6 2. c4 e6 3. Nf3 d5 4. Nc3 h6 5. g3 Nc6 6. Bg2 Bd6 7. 0-0 0-0 8. b3 b6 9. Bb2 Bb7 10. cxd5 exd5 11. Rc1 a6 12. Nh4 Ne7 13. Qd3 Qd7 14. Rc2 Rfe8 15. Rfc1 Rad8 16. Nb1 c6 17. Ba3 Bxa3 18. Nxa3 Qd6 19. Nb1 Bc8 20. Rb2 c5 21. dxc5 bxc5 22. Nc3 g5 23. Nf3 Bf5 24. Qd1 d4 25. Na4 Rc8 26. e3 d3 27. Rd2 Ng6 28. Nb2 Ne4 29. Rxd3 Qf6 30. Qe2 g4 31. Ne1 Ne5 32. Rd5 Ng5 33. Nc4 Nef3+ 34. Nxf3 gxf3 35. Bxf3 Red8 36. Rcd1 Rxd5 37. Bxd5 Nh3+ 38. Kg2 Rd8 39. e4 Bc8 40. Qf3 Qxf3+ 41. Kxf3 Bg4+ 42. Kg2 Nf4+ 43. gxf4 Bxd1 44. Ne5 Bh5 45. f5 Kg7 46. Nd3 Rc8 47. Nf4 Bd1 48. e5 a5 49. f6+ Kf8 50. e6 fxe6 51. Bxe6 Rc7 52. Ng6+ Ke8 53. f7+ Rxf7 54. Bxf7+ Kxf7 55. Ne5+ Ke6 56. Nc4 a4 57. bxa4 Bxa4 58. Kf3 Bb5 59. Nb2 Kf5 60. Ke3 Kg4 61. a4 Bf1 62. a5 Kh3 63. f4 Kg4 64. Ke4 c4 65. Na4 h5 66. Ke5 h4 67. f5 c3 68. Nxc3 Kh3 69. f6 Bc4 70. a6 Kxh2 71. a7 1-0

[Event "Dubai op-A 23rd"]
[Site "Dubai"]
[Date "2023.05.30"]
[Round "4"]
[White "Ahmed, Ali Layth Ahmed"]
[Black "Gajcin, Marina"]
[Result "1/2-1/2"]
[WhiteElo "2224"]
[BlackElo "2256"]
[PlyCount "123"]
[EventDate "2023.05.27"]
[EventType "swiss"]
[EventRounds "9"]
[EventCountry "UAE"]
[SourceTitle "CBM 214 Extra"]
[Source "ChessBase"]
[SourceDate "2023.07.31"]
[SourceVersion "1"]
[SourceVersionDate "2023.07.31"]
[SourceQuality "1"]

1. d4 Nf6 2. c4 e6 3. Nf3 c5 4. d5 exd5 5. cxd5 d6 6. Nc3 g6 7. Nd2 Bg7 8. e4 0-0 9. Be2 a6 10. a4 Nbd7 11. Nc4 Ne8 12. 0-0 Ne5 13. Ne3 f5 14. f4 Nf7 15. exf5 gxf5 16. Kh1 Bd7 17. Bd2 Nf6 18. Bd3 Nh6 19. a5 Nfg4 20. Qf3 Nxe3 21. Bxe3 Ng4 22. Bd2 Qh4 23. h3 Rae8 24. Ne2 Rf7 25. Ng3 Bd4 26. Nxf5 Bxf5 27. Bxf5 Rxf5 28. Qxg4+ Qxg4 29. hxg4 Rxd5 30. Bc3 Bxc3 31. bxc3 Rd3 32. Rad1 Ree3 33. Rb1 Re7 34. Rbd1 Rxc3 35. Rxd6 Rce3 36. Kh2 c4 37. Rd8+ Re8 38. Rd7 R3e7 39. Rd5 Rc8 40. f5 c3 41. f6 Rf7 42. g5 c2 43. Rc1 Rfc7 44. Kh3 Kf7 45. Kh4 Re8 46. Rd2 Re4+ 47. g4 Rec4 48. Rd8 h6 49. gxh6 Kxf6 50. Rd6+ Ke5 51. Rg6 Kd4 52. Rg7 Rc8 53. h7 Rh8 54. Kh5 Kc3 55. g5 Kb2 56. Rxc2+ Rxc2 57. Rxb7+ Ka3 58. Kh6 Ka4 59. g6 Kxa5 60. Kg7 Rcc8 61. Kh6 Rc1 62. Kg7 1/2-1/2

[Event "Arab-ch"]
[Site "Khartoum"]
[Date "2023.03.03"]
[Round "7"]
[White "Hesham, Abdelrahman"]
[Black "Ahmed, Ali Layth Ahmed"]
[Result "1-0"]
[WhiteElo "2412"]
[BlackElo "2272"]
[PlyCount "113"]
[EventDate "2023.02.26"]
[EventType "swiss"]
[EventRounds "9"]
[EventCountry "SUD"]
[SourceTitle "CBM 213 Extra"]
[Source "ChessBase"]
[SourceDate "2023.05.31"]
[SourceVersion "1"]
[SourceVersionDate "2023.05.31"]
[SourceQuality "1"]

1. d4 d5 2. c4 e6 3. cxd5 exd5 4. Nc3 a6 5. Bf4 c6 6. e3 Bd6 7. Bd3 Bxf4 8. exf4 Ne7 9. Nf3 Qd6 10. Ne5 0-0 11. 0-0 Bf5 12. Re1 Bxd3 13. Qxd3 Nd7 14. Re3 Nxe5 15. fxe5 Qg6 16. Na4 a5 17. Nc5 Ra7 18. Qxg6 hxg6 19. Rb3 b5 20. f4 a4 21. Rf3 Nc8 22. g4 Nb6 23. Rc1 Nc4 24. Rc2 b4 25. f5 b3 26. axb3 axb3 27. Rxb3 Ra1+ 28. Kf2 Rh1 29. Rh3 Rd1 30. Rd3 Rxd3 31. Nxd3 Rb8 32. Ke2 gxf5 33. gxf5 Kf8 34. Rc3 Ke7 35. b3 Na5 36. Nc5 Rh8 37. Rg3 Rxh2+ 38. Ke3 Rh5 39. Rxg7 Rxf5 40. e6 Nxb3 41. Nxb3 Kxe6 42. Nc5+ Ke7 43. Nd3 Ke6 44. Rh7 Rg5 45. Nc5+ Ke7 46. Rh6 f6 47. Rh7+ Ke8 48. Kf4 Rg1 49. Kf5 Rf1+ 50. Ke6 Kf8 51. Rf7+ Kg8 52. Rxf6 Rd1 53. Rf4 Rg1 54. Nd7 Rg6+ 55. Nf6+ Kf8 56. Rh4 Kg7 57. Rh7+ 1-0

[Event "Olympiad-44"]
[Site "Chennai"]
[Date "2022.07.31"]
[Round "3.2"]
[White "Ali Abdullahi, Farah"]
[Black "Ahmed, Ali Layth Ahmed"]
[Result "0-1"]
[WhiteElo "1892"]
[BlackElo "2249"]
[PlyCount "96"]
[EventDate "2022.07.29"]
[EventType "team-swiss"]
[EventRounds "11"]
[EventCountry "IND"]
[SourceTitle "CBM 210"]
[Source "ChessBase"]
[SourceDate "2022.10.31"]
[SourceVersion "1"]
[SourceVersionDate "2022.10.31"]
[SourceQuality "1"]
[WhiteTeam "Somalia"]
[BlackTeam "Iraq"]
[WhiteTeamCountry "SOM"]
[BlackTeamCountry "IRQ"]

1. d4 Nf6 2. c4 e6 3. Nf3 Bb4+ 4. Bd2 a5 5. Nc3 0-0 6. e3 d5 7. Bd3 b6 8. a3 Bxc3 9. Bxc3 Bb7 10. c5 Ne4 11. cxb6 cxb6 12. Rc1 Ba6 13. Bxa6 Nxa6 14. 0-0 Qd6 15. Qd3 Nc7 16. Rc2 Rfc8 17. Rfc1 Ne8 18. Be1 Rxc2 19. Qxc2 Qd8 20. Ne5 N4d6 21. f3 Rc8 22. Qd1 f6 23. Nd3 Nc4 24. Kf2 Ned6 25. a4 Nf5 26. Bd2 Qd7 27. b3 Ncd6 28. g4 Ne7 29. h3 Nc6 30. Bc3 Rf8 31. Qe2 Nf7 32. Kg2 e5 33. dxe5 fxe5 34. Rd1 d4 35. exd4 exd4 36. Ne1 Rd8 37. Qb5 Qe6 38. Bd2 d3 39. Nxd3 Nd4 40. Nf4 Qxb3 41. Qf1 Qxa4 42. Be3 Ne5 43. Rb1 Qc2+ 44. Kg3 Ndxf3 45. Ng2 Nd2 46. Bxd2 Rxd2 47. Nf4 Qc3+ 48. Kh4 Nf3+ 0-1

[Event "IRQ-ch"]
[Site "Baghdad"]
[Date "2021.11.02"]
[Round "8"]
[White "Al Ali, Hussein Ali Hussein"]
[Black "Ahmed, Ali Layth Ahmed"]
[Result "0-1"]
[WhiteElo "2277"]
[BlackElo "2253"]
[PlyCount "72"]
[EventDate "2021.10.28"]
[EventType "tourn"]
[EventRounds "9"]
[EventCountry "IRQ"]
[SourceTitle "EXT 2023"]
[Source "ChessBase"]
[SourceDate "2022.10.05"]
[SourceVersion "1"]
[SourceVersionDate "2022.10.05"]
[SourceQuality "1"]

1. Nf3 Nf6 2. g3 d5 3. Bg2 c6 4. 0-0 Bf5 5. d3 h6 6. Nbd2 e6 7. b3 Be7 8. Bb2 0-0 9. c4 a5 10. a3 c5 11. cxd5 exd5 12. Nh4 Be6 13. e4 dxe4 14. dxe4 Nc6 15. Nf5 Nd4 16. Nxd4 cxd4 17. Nf3 Qb6 18. e5 Nh7 19. Qxd4 Bc5 20. Qf4 Bxb3 21. Bd4 Rfc8 22. Rfc1 a4 23. Rxc5 Rxc5 24. Qe3 Rac8 25. Ne1 Qb5 26. Bxc5 Rxc5 27. Bxb7 Rxe5 28. Qd4 Ng5 29. Bg2 Ne6 30. Qc3 Rc5 31. Qd2 Qc4 32. Rb1 Rc8 33. Qe3 Qd4 34. Rc1 Rd8 35. Qxd4 Nxd4 36. Bf1 Re8 0-1

[Event "IRQ-ch"]
[Site "Baghdad"]
[Date "2021.11.01"]
[Round "7"]
[White "Ahmed, Ali Layth Ahmed"]
[Black "Ismael Namir, Mohammed Ismael"]
[Result "1/2-1/2"]
[WhiteElo "2253"]
[BlackElo "2090"]
[PlyCount "116"]
[EventDate "2021.10.28"]
[EventType "tourn"]
[EventRounds "9"]
[EventCountry "IRQ"]
[SourceTitle "EXT 2023"]
[Source "ChessBase"]
[SourceDate "2022.10.05"]
[SourceVersion "1"]
[SourceVersionDate "2022.10.05"]
[SourceQuality "1"]

1. d4 d5 2. Nf3 Nf6 3. c4 c6 4. e3 e6 5. b3 Nbd7 6. Bd3 Be7 7. Bb2 b6 8. 0-0 Bb7 9. Nc3 0-0 10. Qc2 c5 11. cxd5 exd5 12. Rad1 a6 13. Bf5 g6 14. Bh3 Qc7 15. dxc5 bxc5 16. Bxd7 Qxd7 17. Na4 d4 18. Nxc5 Rfc8 19. b4 Bxf3 20. gxf3 Qh3 21. Rxd4 Qxf3 22. Rf4 Qh3 23. Qc4 Rc6 24. Rd1 Rac8 25. Bxf6 Rxf6 26. Rdd4 Bd6 27. Rxd6 Rxd6 28. Qxf7+ Kh8 29. Rd4 Rxd4 30. Qf6+ Kg8 31. Qxd4 Qf5 32. Qc4+ Kh8 33. Qd4+ Kg8 34. e4 Qg5+ 35. Kf1 Qc1+ 36. Kg2 Qg5+ 37. Kf1 Qc1+ 38. Ke2 Qc2+ 39. Qd2 Qc4+ 40. Ke3 Re8 41. a3 h5 42. f3 a5 43. Nd7 Re6 44. bxa5 Qb5 45. Qd4 Qc6 46. Nc5 Rd6 47. Qe5 Kf7 48. a6 Rd8 49. a7 Ra8 50. Qf4+ Ke7 51. Qg5+ Kf7 52. Nd3 Qb6+ 53. Ke2 Rxa7 54. Qh6 Rxa3 55. Ne5+ Kg8 56. Qxg6+ Qxg6 57. Nxg6 Ra2+ 58. Ke3 Rxh2 1/2-1/2

[Event "IRQ-ch"]
[Site "Baghdad"]
[Date "2021.10.30"]
[Round "4"]
[White "Noah, AH Al Ali"]
[Black "Ahmed, Ali Layth Ahmed"]
[Result "1/2-1/2"]
[WhiteElo "2248"]
[BlackElo "2253"]
[PlyCount "107"]
[EventDate "2021.10.28"]
[EventType "tourn"]
[EventRounds "9"]
[EventCountry "IRQ"]
[SourceTitle "EXT 2023"]
[Source "ChessBase"]
[SourceDate "2022.10.05"]
[SourceVersion "1"]
[SourceVersionDate "2022.10.05"]
[SourceQuality "1"]

1. e4 c6 2. d3 d5 3. Nd2 e5 4. Ngf3 Bd6 5. Qe2 Qe7 6. d4 Nd7 7. exd5 cxd5 8. dxe5 Nxe5 9. Nxe5 Bxe5 10. Nf3 Bd6 11. Bg5 Qxe2+ 12. Bxe2 f6 13. Be3 Ne7 14. Nd4 Bd7 15. 0-0-0 Bc5 16. Rhe1 Kf7 17. Bf3 Rhd8 18. Nb3 Bxe3+ 19. Rxe3 Bc6 20. Nd4 Re8 21. Rde1 Ng6 22. Rxe8 Rxe8 23. Rxe8 Kxe8 24. Bh5 Bd7 25. Kd2 Ke7 26. Bxg6 hxg6 27. h4 Kd6 28. Ke3 Ke5 29. f3 Kd6 30. c3 Ke5 31. Ne2 g5 32. hxg5 fxg5 33. g4 Bb5 34. Ng1 Bf1 35. a3 b6 36. Kf2 Bb5 37. Nh3 d4 38. Nxg5 dxc3 39. bxc3 Kd5 40. Ne4 Bd7 41. Nd2 Kc5 42. Ke3 Kb5 43. Kd4 Ka4 44. Nc4 g5 45. Ne5 Be8 46. c4 Kxa3 47. c5 bxc5+ 48. Kxc5 a5 49. Nc4+ Ka4 50. Nxa5 Kxa5 51. Kd5 Kb5 52. Ke5 Bc6 53. f4 gxf4 54. Kxf4 1/2-1/2